000 00487nam a2200181Ia 4500
005 20250508152817.0
008 008 250505s9999 xx 000 0 eng d
037 _aTextual
040 _aFEDL
_beng
_cFEDL
041 _aeng
_2eng
084 _a745.5, POW
_qFEDL
100 _aPowers Margaret
_9756352
245 0 _aBook of little crafts
260 _aPeoria
_bThe Manual Arts Press
_c1942
300 _a114p.
942 _cTEXL
_h745.5, POW
999 _c1338893
_d1338893